000 01570 a2200265 4500
003 Nust
005 20250301104135.0
010 _a 2004115697
020 _a0534418708
040 _cNust
082 0 0 _a519.5,BEA
100 1 _aMendenhall, William.
_910401
245 1 0 _aIntroduction to probability and statistics /
_cWilliam Mendenhall, Robert J. Beaver.
250 _a12th ed. /
_bBarbara M. Beaver.
260 _aBelmont, CA :
_bThomson/Brooks/Cole,
_cc2006
300 _axxiii,743, p. :
_bill. ;
_c27 cm. +
_e1 CD-ROM (4 3/4 in.)
505 _aDescribing Data with Graphs (Page-7), Describing Data with Numerical Measures (Page-52), Describing Bivariate Data (Page-97), Probability and Probability Distributions (Page-127), Several Useful Discrete Distributions (Page-183),The Normal Probability Distribution (Page-219), Sampling Distributions (Page-254), Large-Sample Estimation (Page-297), Large-Sampling Tests of Hypotheses (Page-343), Inference from Small Samples (Page-386),The Analysis of Variance (Page-447), Linear Regression and Correlation (Page-502), Multiple Regression Analysis (Page-551), Analysis of Categorical Data (Page-594), Nonparametric Statistics (Page-629).
650 0 _aMathematical statistics
_961
650 0 _aProbabilities
700 1 _aBeaver, Barbara M.
_910403
700 1 _aBeaver, Robert J.
_910402
856 4 2 _3Publisher description
_uhttp://www.loc.gov/catdir/enhancements/fy1103/2004115697-d.html
856 4 2 _3Table of contents only
_uhttp://www.loc.gov/catdir/enhancements/fy1215/2004115697-t.html
942 _cREF
_2ddc
999 _c215395
_d215395